000 00793nam a2200253 a 4500
001
003 DO-SdBNP
005 20211008133415.0
008 090710s2007 dr a r 000 p spa d
020 _a9945421182
040 _aDO-SdBNP
_bspa
_cBPMSU
082 4 _aRD861.44
_bC737p 2007
_222
100 1 _aComprés, Carmen
245 1 0 _aPoema y variaciones /
_cCarmen Comprés ; prólogo Manuel Mora Serrano.
260 _aSanto Domingo :
_bAmigo del Hogar,
_c2007.
300 _a86 p. :
_bil. ;
_c23 cm.
500 _aIncluye datos biográficos del autor en la solapa de la cubierta
590 _aInventariado, 2021/VM
650 4 _aPoesía dominicana
650 4 _aLiteratura dominicana.
700 1 _aMora Serrano, Manuel
_c1933-
_epról.
910 _a VMateo V.
942 _2ddc
_cBK
999 _c13777
_d13777